| 000 | 01604nam0a2200361 4500 | ||
|---|---|---|---|
| 001 | RU\NLR\BIBL_A\011290685 | ||
| 005 | 20161222121527.0 | ||
| 010 |
_a978-5-358-18455-8 _91000 |
||
| 021 |
_aRU _bКН-П-18-041740 _9КН-П-18-3590 |
||
| 035 | _a(NLR Aleph) 011290685 | ||
| 090 |
_a10919430 _c10919430 |
||
| 100 | _a20161209d2017 u y0rusy50 ca | ||
| 101 | 0 | _arus | |
| 102 | _aRU | ||
| 105 | _aa j 000zy | ||
| 200 | 1 |
_aРусский язык _eпрактика _eучебник _e8 класс _f[Ю.С. Пичугов, А.П. Еремеева, А.Ю. Купалова и др.] _gпод ред. Ю.С. Пичугова |
|
| 205 | _a4-е изд., стер. | ||
| 210 |
_aМосква _cДрофа _d2017 _d[т.е. 2016] |
||
| 215 |
_a268, [1] с. _cил. _d22 |
||
| 225 | 1 | _aФГОС | |
| 225 | 1 | _aВертикаль | |
| 300 | _aАвт. указаны на обороте тит.л. | ||
| 300 | _aНа обл. авт.: Ю.С. Пичугов, А.П. Еремеева, А.Ю. Купалова | ||
| 300 | _aКн. фактически издана в 2016 г. | ||
| 606 | 1 |
_aРусский язык _jУчебники для средней школы _91533567 _3RU\NLR\AUTH\66969347 |
|
| 686 | 3 | _aШ141.12-922.1[8] | |
| 701 | 1 |
_7ca _8rus _aПичугов _bЮ. С. _gЮрий Степанович _9116708 _3RU\NLR\AUTH\776759 |
|
| 701 | 1 |
_aЕремеева _bА. П. _gАнгелина Павловна |
|
| 701 | 1 |
_aКупалова _bА. Ю. _gАлександра Юльевна |
|
| 942 | _cBOOK | ||
| 980 | _aNB | ||